Dānte, Gyeṭe, Rabīndranātha. (Record no. 82117)

MARC details
000 -LEADER
fixed length control field 00641cam a22002411 4500
001 - CONTROL NUMBER
control field sa 68007934
003 - CONTROL NUMBER IDENTIFIER
control field DLC
005 - DATE AND TIME OF LATEST TRANSACTION
control field 20260227112526.0
008 - FIXED-LENGTH DATA ELEMENTS--GENERAL INFORMATION
fixed length control field 890913s1967 ii 000 0 beno
010 ## - LIBRARY OF CONGRESS CONTROL NUMBER
LC control number sa 68007934
035 ## - SYSTEM CONTROL NUMBER
System control number (OCoLC)20336275
040 ## - CATALOGING SOURCE
Original cataloging agency DLC
Transcribing agency WaU
Modifying agency DLC
042 ## - AUTHENTICATION CODE
Authentication code premarc
050 00 - LIBRARY OF CONGRESS CALL NUMBER
Classification number PN710
Item number .D27
100 2# - MAIN ENTRY--PERSONAL NAME
Personal name Das Gupta, Surajit.
245 10 - TITLE STATEMENT
Title Dānte, Gyeṭe, Rabīndranātha.
260 ## - PUBLICATION, DISTRIBUTION, ETC.
Date of publication, distribution, etc. [1967]
300 ## - PHYSICAL DESCRIPTION
Extent 128 p.
Dimensions 20 cm.
500 ## - GENERAL NOTE
General note In Bengali.
600 00 - SUBJECT ADDED ENTRY--PERSONAL NAME
Personal name Dante Alighieri,
Dates associated with a name 1265-1321.
600 10 - SUBJECT ADDED ENTRY--PERSONAL NAME
Personal name Goethe, Johann Wolfgang von,
Dates associated with a name 1749-1832.
600 10 - SUBJECT ADDED ENTRY--PERSONAL NAME
Personal name Tagore, Rabindranath,
Dates associated with a name 1861-1941.

No items available.

Powered by Koha